000 00761nam a2200229Ia 4500
001 8835
003 GE_BSU
008 181216s||||||||xx |||||||||||||| ||und||
040 _cGE_BSU
080 _a82-93
100 _aერთაწმინდელი, სეზმან
245 _aინდიანა
245 _bმოთხრობები საშ. ასაკისათვის
245 _cრედ.აკ. რეხვიაშვილი.მხატვ.დ.გველესიანი
260 _aთბილისი
260 _bსახელგამი
260 _c1935
300 _a66გვ.ილ. 23სმ.
653 _aინდიანა
653 _aმოთხრობები
942 _cBK
999 _c42143
_d42143